000 00887cam a2200301 4500
001 4461
003 BD-RjUL
005 20211208233909.0
008 131222r19471943nyu b 001 0 eng
020 _a0836927532
035 _a(BD-RjUL)4496
040 _aDLC
_cDLC
_dDLC
_dBD-RjUL
_beng
041 _aeng
082 0 0 _a338.9
_221
_bBRB 1947
100 1 _aBrady, Robert A.
_q(Robert Alexander),
_d1901-
_914106
245 1 0 _aBusiness as a system of power /
_cby Robert A. Brady.
260 _aNew York :
_bColumbia Uni. Press
_cc1943 [Printing 1947].
300 _axx, 340 p. ;
_c24 cm.
490 0 _aEssay index reprint series
504 _aBibliography: p. [321]-330.
504 _aIncludes index.
650 0 _aIndustries.
_914107
650 0 _aTrade associations.
_99235
650 0 _aDemocracy.
_914108
942 _2ddc
_cBK
999 _c4461
_d4461